Города Ямало-Ненецкого автономного округа - Statistics

General Stats
  • This quiz has been taken 208 times
  • The average score is 5 of 8
Answer Stats
Население, чел Город % Correct
47 910 Салехард
90%
107 251 Новый Уренгой
80%
100 188 Ноябрьск
73%
25 501 Лабытнанги
53%
45 973 Надым
52%
19 900 Тарко-Сале
47%
29 233 Муравленко
45%
33 273 Губкинский
38%
No matching quizzes found
Score Distribution
Percent of People with Each Score
Percentile by Number Answered
Your Score History
You have not taken this quiz